Hỏi đáp về nhà ở - đất đai, thuế nhà đất : Văn bản hiện hành mới nhất /

Gardado en:
Detalles Bibliográficos
Autor Principal: Hoàng Trung Tiếu
Formato: Sách giấy
Idioma:Vietnamese
Publicado: TP.HCM : Trẻ , 1995
Các nhãn: Engadir etiqueta
Sen Etiquetas, Sexa o primeiro en etiquetar este rexistro!
Thư viện lưu trữ: Thư viện Trường Đại học Đà Lạt
LEADER 00630nam a2200241 4500
001 DLU020010906
005 ##12/6/1999
041 # # |a vie 
082 # # |a 343.053  |b HO-T 
090 # # |a 343.053  |b HO-T 
100 # # |a Hoàng Trung Tiếu 
245 # # |a Hỏi đáp về nhà ở - đất đai, thuế nhà đất :  |b Văn bản hiện hành mới nhất /  |c Hoàng Trung Tiếu 
260 # # |a TP.HCM :  |b Trẻ ,  |c 1995 
300 # # |a 304 tr.;   |c 21 cm. 
992 # # |a 18000 
994 # # |a DLU 
900 # # |a False 
911 # # |a Administrator 
925 # # |a G 
926 # # |a A 
927 # # |a SH 
980 # # |a Thư viện Trường Đại học Đà Lạt